000 00241nam a22000857a 4500
008 170201b xxu||||| |||| 00| 0 eng d
100 _92730
_aCBSE
245 _aCBSE CCE Sample Papers in Social Science U-Like
260 _aNew delhi
_bBest Book
_c2013
999 _c5897
_d5897